000 00830nam a22002297a 4500
003 OSt
005 20260406111732.0
008 260406b |||||||| |||| 00| 0 eng d
020 _a9789588697109
037 _bDonación
040 _aCO-JMCR
_bspa
_cCO-JMCR
_dCO-JMCR
_erda
082 0 _a362.5987
_bA71p
100 _aAraujo Vélez, Dionisio Henrique ,
_eAutor
_944588
245 0 _aPobrelitiquería :
_bel vicio que perpetúa la pobreza /
_cDionisio Araújo Vélez
264 _aBogotá :
_bEditorial Carrera 7a,
300 _a287 páginas :
_bgráficos
_c21 cm.
504 _aIncluye referencias bibliográficas (páginas 283-287)
650 7 _2JMCR
_aDesigualdad social
_zVenezuela
_944589
650 7 _2JMCR
_aCondiciones socioeconómicas
_zVenezuela
_944590
650 7 _2JMCR
_aPobreza
_zVenezuela
_944591
942 _2ddc
_cBK
999 _c31167
_d17551